Nguyễn Công Hoan toàn tập T.2 Tiểu thuyết
v.v...
Đã lưu trong:
| Tác giả chính: | |
|---|---|
| Định dạng: | Sách |
| Năm xuất bản: |
H.:
Văn học,
2004.
|
| Chủ đề: | |
| Tags: |
Thêm thẻ
Không có thẻ, Hãy là người đầu tiên gắn thẻ bản ghi này!
|
| LEADER | 00706nam a2200157 4500 | ||
|---|---|---|---|
| 082 | |a 895.922332 |b NG527C | ||
| 100 | |a Nguyễn Công Hoan | ||
| 245 | |a Nguyễn Công Hoan toàn tập |c Lê Minh sưu tầm, biên soạn |n T.2 |p Tiểu thuyết | ||
| 260 | |a H.: |b Văn học, |c 2004. | ||
| 300 | |a 840 tr.; |c 21 cm. | ||
| 520 | |a v.v... | ||
| 653 | |a Tiểu thuyết Việt Nam | ||
| 942 | |2 ddc |c STK0 | ||
| 999 | |c 1640 |d 1640 | ||
| 952 | |0 0 |1 0 |2 ddc |4 0 |6 895_922332000000000_NG527C |7 1 |8 800 |9 27764 |a qbu |b qbu |c D5 |d 2014-12-09 |o 895.922332 NG527C |p 1056.c1 |r 0000-00-00 |w 2014-12-09 |y STK0 | ||
| 952 | |0 0 |1 0 |2 ddc |4 0 |6 895_922332000000000_NG527C |7 0 |8 800 |9 27765 |a qbu |b qbu |c D5 |d 2014-12-09 |o 895.922332 NG527C |p 1056.c2 |r 0000-00-00 |w 2014-12-09 |y STK0 | ||